Dokończ nazwę państwa - klikanie - Statystyki

Ogólne statystyki
  • Ten quiz został rozwiązany 82 razy
  • Średni wynik to 29 z 30
Statystyki odpowiedzi
Hint Odpowiedź % Poprawnych
In die
100%
Fin landia
100%
Fili piny
100%
Zimb abwe
99%
Kan ada
99%
Luksem burg
99%
Szwaj caria
99%
Cze chy
99%
Niem cy
99%
Moł dawia
99%
Nig eria
99%
gry
99%
Wiet nam
99%
Indo nezja
99%
Chi ny
99%
Egi pt
99%
Pol ska
99%
Kazach stan
99%
Mek syk
99%
Rum unia
99%
Braz ylia
99%
Pan ama
97%
Hiszp ania
97%
Ros ja
97%
Japo nia
97%
ochy
97%
Sy ria
97%
Fran cja
96%
Szw ecja
96%
Aus tralia
92%
Nie znaleziono quizów pasujących do podanych kryteriów
Rozkład punktacji
Procent ludzi z każdym wynikiem
Percentyl według liczby udzielonych odpowiedzi
Twoja historia wyników
Nie rozwiązałeś tego quizu